00898 2200313 4500001002100000005001500021035002000036007000300056040001700059100002800076245008900104250001200193300003600205504002400241020001800265041000800283082001000291084001600301090002200317264005100339336002100390337003000411338002300441500002900464650001900493850001000512008004100522990002100563INLIS00000000000612920260419123730 a0010-0322000373ta aSBPUPADbind0 aWahjosumidjoePengarang1 aKepemimpinan Kepala Sekolah :bTinjauan teoritik dan permasalahannya /cWahjosumidjo a.-Cet.4 axvi,504 hal. :bIllus. ;c21 cm aBibliografi hlm 495 a979-421-670-40 aind a371.2 a371.2 WAH k a371.12 AZI k 6-10 a.--Jakarta :bPT Raja Grafindo Persada,c2005 2rdacontentaTeks 2rdamediaaTanpa Perantara 2rdacarrieravolume aTentang Penulis ,hlm 503 4aKepala sekolah aPUPAD260419 0  a1750/BR/ARPUS/07